Gesammelte Abhandlungen zur Amerikanischen sprach- und Altertumskunde (Record no. 9934)

MARC details
000 -CABECERA
campo de control de longitud fija 01258nam a2200265 a 4500
001 - NÚMERO DE CONTROL
campo de control BRL_1122
005 - FECHA Y HORA DE LA ÚLTIMA TRANSACCIÓN
campo de control 20190320211038.0
008 - DATOS DE LONGITUD FIJA--INFORMACIÓN GENERAL
campo de control de longitud fija 131113s1960----au-a######---#000-0#ger-#
041 ## - CÓDIGO DE LENGUA
Código de lengua del texto/banda sonora o título independiente ger
044 ## - CÓDIGO DEL PAÍS DE LA ENTIDAD EDITORA/PRODUCTORA
Código MARC del país au
050 #4 - SIGNATURA TOPOGRÁFICA DE LA BIBLIOTECA DEL CONGRESO
Número de clasificación F1219
Número de documento/Ítem .S45 1960
100 1# - ENTRADA PRINCIPAL--NOMBRE DE PERSONA
Nombre de persona Seler, Eduard
Fechas asociadas al nombre 1849-1922
9 (RLIN) 5287
245 10 - MENCIÓN DE TÍTULO
Título Gesammelte Abhandlungen zur Amerikanischen sprach- und Altertumskunde
Mención de responsabilidad, etc. Eduard seler.
260 ## - PUBLICACIÓN, DISTRIBUCIÓN, ETC.
Lugar de publicación, distribución, etc. Graz, Austria
Nombre del editor, distribuidor, etc. Akademische druck-U. verlagsanstalt
Fecha de publicación, distribución, etc. 1960
300 ## - DESCRIPCIÓN FÍSICA
Extensión 5 v.
Otras características físicas il.
Dimensiones 25 cm.
500 ## - NOTA GENERAL
Nota general v.1 Au1276; v.2 Au1275; v.3 Au1274
500 ## - NOTA GENERAL
Nota general La bibloteca cuenta solo con los volumnes 1,2 y 3
505 0# - NOTA DE CONTENIDO CON FORMATO
Nota de contenido con formato Contenido: v.1 Sprachliches, Bilderschriften, Kalender und Hieroglyphenentzifferung - v.2 Zur Geschichte und Volkskunde México´s; Reisewege und Ruinen; Archäologisches aus Mexiko; Die religiösen Gesänge der alten Mexikaner - v.3 Geschichtliches; Bilderschriften, Kalendarisches und Mythologie; Ethnographisches und Archäologisches aus México; Archäologisches und anderes aus den Maya-Ländern.
650 14 - PUNTO DE ACCESO ADICIONAL DE MATERIA--TÉRMINO DE MATERIA
Término de materia o nombre geográfico como elemento de entrada Indígenas de México
Subdivisión general Antigüedades
9 (RLIN) 509
650 14 - PUNTO DE ACCESO ADICIONAL DE MATERIA--TÉRMINO DE MATERIA
Término de materia o nombre geográfico como elemento de entrada Ritos y ceremonias
Subdivisión geográfica México
9 (RLIN) 25852
650 14 - PUNTO DE ACCESO ADICIONAL DE MATERIA--TÉRMINO DE MATERIA
Término de materia o nombre geográfico como elemento de entrada Manuscritos mexicanos
9 (RLIN) 781
651 #4 - PUNTO DE ACCESO ADICIONAL DE MATERIA--NOMBRE GEOGRÁFICO
Nombre geográfico México
Subdivisión general Antigüedades
9 (RLIN) 2765
902 ## - CATALOGADOR
Iniciales GRL
942 ## - ELEMENTOS DE PUNTO DE ACCESO ADICIONAL (KOHA)
Fuente del sistema de clasificación o colocación Library of Congress Classification
Tipo de ítem Koha Libros
Holdings
Estado de retiro Estado de pérdida Estado dañado No para préstamo Localización permanente Ubicación/localización actual Fecha de adquisición Total de préstamos Signatura topográfica completa Código de barras Fecha visto por última vez Precio válido a partir de Tipo de ítem Koha
El ejemplar forma parte de la colección y puede ser consultado según las políticas vigentes.       Biblioteca Centro de Estudios Ruth D. Lechuga Biblioteca Centro de Estudios Ruth D. Lechuga 13/11/2013   F1219 .S45 1960 GRL01232 22/03/2019 22/03/2019 Libros
El ejemplar forma parte de la colección y puede ser consultado según las políticas vigentes.       Biblioteca Centro de Estudios Ruth D. Lechuga Biblioteca Centro de Estudios Ruth D. Lechuga 20/10/2015   F1219 .S45 1960 GRL01233 22/03/2019 22/03/2019 Libros
El ejemplar forma parte de la colección y puede ser consultado según las políticas vigentes.       Biblioteca Centro de Estudios Ruth D. Lechuga Biblioteca Centro de Estudios Ruth D. Lechuga 20/10/2015   F1219 .S45 1960 GRL01234 22/03/2019 22/03/2019 Libros